INCOME TAX RULES (Record no. 29310)

MARC details
000 -LEADER
fixed length control field 00357nam a2200157Ia 4500
008 - FIXED-LENGTH DATA ELEMENTS--GENERAL INFORMATION
fixed length control field 240624s9999 xx 000 0 und d
041 ## - LANGUAGE CODE
Language code of text/sound track or separate title eng
082 ## - DEWEY DECIMAL CLASSIFICATION NUMBER
Classification number 336.24 TAX
100 ## - MAIN ENTRY--PERSONAL NAME
Personal name TAXMANN
245 ## - TITLE STATEMENT
Title INCOME TAX RULES
250 ## - EDITION STATEMENT
Edition statement (54th ed.)
260 ## - PUBLICATION, DISTRIBUTION, ETC.
Date of publication, distribution, etc. 2017
Place of publication, distribution, etc. New Delhi
Name of publisher, distributor, etc. Taxmann's
300 ## - PHYSICAL DESCRIPTION
Extent i-36 p.; 1248 p.
365 ## - TRADE PRICE
Currency code RS
Price amount 30
440 ## - SERIES STATEMENT/ADDED ENTRY--TITLE
Volume/sequential designation 1
Holdings
Withdrawn status Lost status Damaged status Not for loan Home library Current library Shelving location Date acquired Cost, normal purchase price Full call number Barcode Date last seen Copy number Price effective from Koha item type
        IMTN IMTN Rack 12-B 09/15/2017 1395.00 336.24 TAX 29310 06/24/2024 1 06/24/2024 Books
Designed & Maintained by: LRC IMT Nagpur Contact: lrc@imtnag.ac.in© 2024. All Rights Reserved.